[Event "SVK-ch U18/20 Girls"]
[Site "Tatralandia"]
[Date "2025.05.16"]
[Round "7"]
[White "Zetocha, Adela"]
[Black "Olexova, Laura"]
[Result "1/2-1/2"]
[WhiteElo "1760"]
[BlackElo "1672"]
[PlyCount "83"]
[EventDate "2025.05.11"]
[EventType "swiss"]
[EventRounds "9"]
[EventCountry "SVK"]
[SourceTitle "CB21_2025"]
[SourceDate "2025.05.21"]
[SourceVersion "1"]
[SourceVersionDate "2025.05.21"]
[SourceQuality "1"]

1. d4 d5 2. c4 e6 3. Nc3 Nf6 4. cxd5 exd5 5. Bg5 Be7 6. e3 0-0 7. Bd3 c6 8. h3 Ne4 9. Bf4 Nxc3 10. bxc3 Bd6 11. Bxd6 Qxd6 12. Qc2 g6 13. Nf3 b6 14. 0-0 Ba6 15. Bxa6 Nxa6 16. Qa4 Nb8 17. Rfc1 Nd7 18. Rc2 b5 19. Qb3 Nb6 20. Ne5 f6 21. Nd3 Na4 22. e4 Nb6 23. exd5 Qxd5 24. Qxd5+ cxd5 25. Nc5 Rfc8 26. Rb1 a6 27. a4 Nxa4 28. Nxa4 bxa4 29. Rb4 Rc6 30. Rxa4 Rac8 31. Ra3 Kf7 32. Kf1 Ke6 33. Ke2 h5 34. Kd3 Ra8 35. Re2+ Kd6 36. Ra1 Rac8 37. Rc2 Ra8 38. c4 dxc4+ 39. Rxc4 Rxc4 40. Kxc4 a5 41. Ra4 g5 42. g3 1/2-1/2

[Event "SVK-ch U18/20 Girls"]
[Site "Tatralandia"]
[Date "2025.05.15"]
[Round "6"]
[White "Zetocha, Adela"]
[Black "Jancovicova, Tamara"]
[Result "1-0"]
[WhiteElo "1760"]
[BlackElo "1701"]
[PlyCount "101"]
[EventDate "2025.05.11"]
[EventType "swiss"]
[EventRounds "9"]
[EventCountry "SVK"]
[SourceTitle "CB21_2025"]
[SourceDate "2025.05.21"]
[SourceVersion "1"]
[SourceVersionDate "2025.05.21"]
[SourceQuality "1"]

1. c4 e5 2. g3 c6 3. d4 e4 4. a3 d5 5. Nc3 Nf6 6. Bg2 Be7 7. Bg5 Nbd7 8. e3 h6 9. Bxf6 Nxf6 10. Nge2 0-0 11. 0-0 Bd6 12. Qb3 Bc7 13. f3 Re8 14. fxe4 Nxe4 15. Nxe4 dxe4 16. Nc3 f5 17. Rad1 Qg5 18. Ne2 Kh8 19. Qc3 a6 20. b4 a5 21. Nf4 axb4 22. axb4 Bd6 23. Ra1 Rxa1 24. Rxa1 Bxf4 25. gxf4 Qe7 26. c5 Be6 27. Kh1 Kh7 28. Bf1 Bd7 29. Ra7 Rb8 30. Bc4 Be6 31. b5 Bxc4 32. Qxc4 cxb5 33. Qxb5 Qc7 34. d5 Rc8 35. c6 Rb8 36. Rxb7 Rxb7 37. Qxb7 Qa5 38. Qb1 Qxd5 39. Qc1 Qd8 40. c7 Qc8 41. Qc6 h5 42. h4 g6 43. Kg2 Kh6 44. Kf2 Kh7 45. Qd6 g5 46. Qe7+ Kg6 47. Qxg5+ Kh7 48. Qd8 Qb7 49. c8Q Qb2+ 50. Kg3 Qg7+ 51. Qg5 1-0

[Event "SVK-ch U18/20 Girls"]
[Site "Tatralandia"]
[Date "2025.05.14"]
[Round "5"]
[White "Kosutova, Diana"]
[Black "Zetocha, Adela"]
[Result "0-1"]
[WhiteElo "1653"]
[BlackElo "1760"]
[PlyCount "92"]
[EventDate "2025.05.11"]
[EventType "swiss"]
[EventRounds "9"]
[EventCountry "SVK"]
[SourceTitle "CB21_2025"]
[SourceDate "2025.05.21"]
[SourceVersion "1"]
[SourceVersionDate "2025.05.21"]
[SourceQuality "1"]

1. e4 e5 2. Nf3 Nc6 3. d4 exd4 4. Bc4 d6 5. 0-0 Nf6 6. Re1 Be7 7. e5 dxe5 8. Nxe5 Nxe5 9. Rxe5 0-0 10. Bg5 Qd6 11. Qe2 Bd8 12. Nd2 Ng4 13. Bxf7+ Rxf7 14. Nc4 Qd7 15. Re8+ Rf8 16. Rxf8+ Kxf8 17. Bxd8 Qxd8 18. Re1 Bd7 19. Qf3+ Qf6 20. Ne5 Nxe5 21. Rxe5 Qxf3 22. gxf3 Bc6 23. Rf5+ Kg8 24. Kg2 Rf8 25. Rxf8+ Kxf8 26. Kg3 Ke7 27. Kg4 Kf6 28. h4 h6 29. f4 Be4 30. Kg3 Bxc2 31. Kf3 Kf5 32. Ke2 Kxf4 33. b3 Kg4 34. Kd2 Bb1 35. a3 Kxh4 36. Kc1 Be4 37. Kd2 Kg4 38. b4 h5 39. a4 h4 40. b5 h3 41. Ke2 h2 42. a5 h1Q 43. b6 Qf3+ 44. Kd2 Qc3+ 45. Ke2 Bf3+ 46. Kf1 Qc1# 0-1

[Event "SVK-ch U18/20 Girls"]
[Site "Tatralandia"]
[Date "2025.05.13"]
[Round "4"]
[White "Vasylchuk, Diana"]
[Black "Zetocha, Adela"]
[Result "1-0"]
[WhiteElo "2018"]
[BlackElo "1760"]
[PlyCount "83"]
[EventDate "2025.05.11"]
[EventType "swiss"]
[EventRounds "9"]
[EventCountry "SVK"]
[SourceTitle "CB21_2025"]
[SourceDate "2025.05.21"]
[SourceVersion "1"]
[SourceVersionDate "2025.05.21"]
[SourceQuality "1"]

1. e4 e5 2. Nf3 Nc6 3. Bc4 Nf6 4. Ng5 d5 5. exd5 Na5 6. Bb5+ c6 7. dxc6 bxc6 8. Bd3 Ng4 9. Ne4 f5 10. Be2 Qd4 11. d3 fxe4 12. Bxg4 exd3 13. Bxc8 Qe4+ 14. Kf1 Rxc8 15. Qxd3 Qg4 16. Qe2 Qf5 17. Bd2 Nb7 18. Nc3 Bc5 19. Ne4 Bb6 20. a4 0-0 21. a5 Bd4 22. f3 a6 23. Re1 Qe6 24. c3 Bc5 25. Ng5 Qd5 26. Qe4 Qxe4 27. Rxe4 Bd6 28. b4 c5 29. Ke2 cxb4 30. cxb4 Rc2 31. Rc1 Rfc8 32. Rxc2 Rxc2 33. Kd3 Rc8 34. Rc4 Rd8 35. Ke3 Be7 36. Ne4 Kf7 37. Rc6 Rd4 38. Bc3 Rd5 39. Rxa6 Nd8 40. Rb6 Ne6 41. a6 Nc7 42. a7 1-0

[Event "SVK-ch U18/20 Girls"]
[Site "Tatralandia"]
[Date "2025.05.13"]
[Round "3"]
[White "Zetocha, Adela"]
[Black "Laukova, Martina"]
[Result "1-0"]
[WhiteElo "1760"]
[BlackElo "1000"]
[PlyCount "60"]
[EventDate "2025.05.11"]
[EventType "swiss"]
[EventRounds "9"]
[EventCountry "SVK"]
[SourceTitle "CB21_2025"]
[SourceDate "2025.05.21"]
[SourceVersion "1"]
[SourceVersionDate "2025.05.21"]
[SourceQuality "1"]

1. c4 c6 2. e4 d5 3. exd5 cxd5 4. cxd5 Nf6 5. Nc3 e6 6. dxe6 Bxe6 7. Nf3 g6 8. Bb5+ Nbd7 9. 0-0 Bg7 10. Ng5 0-0 11. Nxe6 fxe6 12. Bc4 Re8 13. d4 Kh8 14. b3 e5 15. Bb2 e4 16. Re1 e3 17. fxe3 h5 18. Qf3 Qb6 19. Rad1 Bh6 20. Nd5 Qc6 21. Nxf6 Nxf6 22. d5 Qb6 23. Qxf6+ Qxf6 24. Bxf6+ Bg7 25. Bxg7+ Kxg7 26. d6 Re5 27. Rf1 Rf5 28. e4 Rxf1+ 29. Rxf1 Rf8 30. Rxf8 Kxf8 1-0

[Event "SVK-ch U18/20 Girls"]
[Site "Tatralandia"]
[Date "2024.04.12"]
[Round "9"]
[White "Zetocha, Adela"]
[Black "Skerlikova, Zuzana"]
[Result "1-0"]
[WhiteElo "1743"]
[BlackElo "1552"]
[PlyCount "83"]
[EventDate "2024.04.05"]
[EventType "swiss"]
[EventRounds "9"]
[EventCountry "SVK"]
[SourceTitle "CBM 219 Extra"]
[Source "ChessBase"]
[SourceDate "2024.05.31"]
[SourceVersion "1"]
[SourceVersionDate "2024.05.31"]
[SourceQuality "1"]

1. c4 e5 2. g3 Nf6 3. Bg2 Bc5 4. Nc3 0-0 5. e3 Nc6 6. Nge2 d6 7. Na4 Bb6 8. 0-0 Be6 9. Nxb6 axb6 10. b3 d5 11. d3 Qd7 12. Re1 Bh3 13. Bh1 Rfd8 14. Nc3 Ne7 15. Bb2 Qe6 16. Qe2 e4 17. cxd5 Nexd5 18. Nxe4 Nxe4 19. Bxe4 c6 20. Qh5 h6 21. f4 Bg4 22. Qh4 Rd7 23. f5 Bxf5 24. Bxf5 Qxf5 25. e4 Qf3 26. exd5 Rxd5 27. d4 Rad8 28. Qe4 Qxe4 29. Rxe4 c5 30. dxc5 bxc5 31. Rae1 Rd2 32. R4e2 R2d5 33. Re5 Rd2 34. Bc1 Rd1 35. Bf4 Rxe1+ 36. Rxe1 Ra8 37. a4 Rc8 38. Re4 f5 39. Re7 b6 40. Bc7 Kf8 41. Rd7 Re8 42. Rd8 1-0

[Event "SVK-ch U18 Girls"]
[Site "Dudince"]
[Date "2023.04.21"]
[Round "7"]
[White "Striskova, Lucia"]
[Black "Zetocha, Adela"]
[Result "1-0"]
[WhiteElo "2020"]
[BlackElo "1534"]
[PlyCount "129"]
[EventDate "2023.04.16"]
[EventType "swiss"]
[EventRounds "9"]
[EventCountry "SVK"]
[SourceTitle "CBM 213 Extra"]
[Source "ChessBase"]
[SourceDate "2023.05.31"]
[SourceVersion "1"]
[SourceVersionDate "2023.05.31"]
[SourceQuality "1"]

1. e4 d6 2. d4 Nf6 3. Nc3 c6 4. Nf3 Bg4 5. h3 Bh5 6. Bf4 e6 7. Bd3 d5 8. e5 Nfd7 9. Be2 c5 10. Nb5 Bxf3 11. gxf3 Qb6 12. c3 Nc6 13. Rg1 g6 14. Kf1 a6 15. Nd6+ Bxd6 16. exd6 cxd4 17. cxd4 Qxd4 18. Bd2 Qe5 19. Qb3 Nd4 20. Qe3 Qxe3 21. fxe3 Nf5 22. Rc1 Nxd6 23. Bb4 Rc8 24. Kf2 Ke7 25. Bd3 Nb6 26. Bc5 Na4 27. Ba3 Kd7 28. b3 Rxc1 29. Rxc1 Nb6 30. Bb2 Rc8 31. Rg1 Na8 32. Ke2 Nc7 33. Kd2 Ncb5 34. Rg4 Na7 35. Rg1 Nc6 36. Rg4 h5 37. Rg1 Nb4 38. Bb1 Nf5 39. Re1 Nh4 40. Rf1 Nf5 41. Re1 Nc6 42. Ke2 Na7 43. Rd1 Ke8 44. Bxf5 gxf5 45. Kd3 Nc6 46. Bc3 Ke7 47. Rg1 Rd8 48. Rg5 d4 49. exd4 h4 50. Ke3 b5 51. Rh5 f4+ 52. Kxf4 Nxd4 53. Bb4+ Ke8 54. Rh8+ Kd7 55. Rxd8+ Kxd8 56. Bc5 Ne2+ 57. Kg4 Nc1 58. Kxh4 Nxa2 59. b4 Nc3 60. Kg5 Nd5 61. h4 Ke8 62. h5 f6+ 63. Kg6 Nf4+ 64. Kxf6 Nxh5+ 65. Kxe6 1-0

[Event "Skalica op-B"]
[Site "Skalica"]
[Date "2022.08.28"]
[Round "9"]
[White "Hrbkova, Johana"]
[Black "Zetocha, Adela"]
[Result "0-1"]
[WhiteElo "1228"]
[BlackElo "1626"]
[PlyCount "66"]
[EventDate "2022.08.20"]
[EventType "swiss"]
[EventRounds "9"]
[EventCountry "SVK"]
[SourceTitle "CBM 209 Extra"]
[Source "ChessBase"]
[SourceDate "2022.09.30"]
[SourceVersion "1"]
[SourceVersionDate "2022.09.30"]
[SourceQuality "1"]

1. e4 e5 2. Nc3 Nc6 3. f4 Bc5 4. Nf3 d6 5. Bb5 Nge7 6. fxe5 dxe5 7. Nxe5 Qd4 8. Nd3 Bb6 9. Qf3 a6 10. Ba4 Be6 11. Bb3 0-0-0 12. Ne2 Qd7 13. Ndf4 Bxb3 14. Qxb3 Rhf8 15. Rf1 h6 16. Ng3 g5 17. Nfh5 f5 18. exf5 Nxf5 19. Nxf5 Rxf5 20. Ng3 Qe7+ 21. Kd1 Rxf1+ 22. Nxf1 Bf2 23. c3 Qe1+ 24. Kc2 Qxf1 25. Qe6+ Kb8 26. d4 Qxg2 27. Qe2 Qxh2 28. Bd2 Bg3 29. Re1 Qxe2 30. Rxe2 Rg8 31. Re6 h5 32. d5 Nd8 33. Rh6 h4 0-1

[Event "SVK-ch U16 Girls rapid"]
[Site "Nitra"]
[Date "2021.09.11"]
[Round "2"]
[White "Zetocha, Adela"]
[Black "Fajtakova, Silvia"]
[Result "1/2-1/2"]
[WhiteElo "1371"]
[BlackElo "1366"]
[PlyCount "48"]
[EventDate "2021.09.11"]
[EventType "swiss (rapid)"]
[EventRounds "7"]
[EventCountry "SVK"]
[SourceTitle "EXT 2023"]
[Source "ChessBase"]
[SourceDate "2022.10.05"]
[SourceVersion "1"]
[SourceVersionDate "2022.10.05"]
[SourceQuality "1"]

1. c4 e5 2. g3 Nf6 3. Bg2 d5 4. cxd5 Nxd5 5. Nc3 Nb6 6. Nf3 Nc6 7. a3 Bg4 8. b4 a6 9. 0-0 Bd6 10. d3 Qd7 11. Re1 0-0 12. Be3 Rad8 13. Rc1 Nc8 14. Ne4 b6 15. Qa4 Nb8 16. Qxd7 Rxd7 17. d4 Re8 18. Nxd6 cxd6 19. dxe5 Bxf3 20. Bxf3 dxe5 21. Rxc8 Rxc8 22. Bg4 Rc6 23. Bxd7 Nxd7 24. Rd1 Nf8 1/2-1/2

[Event "SVK-ch U16 Girls rapid"]
[Site "Nitra"]
[Date "2021.09.11"]
[Round "5"]
[White "Zetocha, Adela"]
[Black "Obrocnikova, Viktoria"]
[Result "0-1"]
[WhiteElo "1371"]
[BlackElo "1152"]
[PlyCount "56"]
[EventDate "2021.09.11"]
[EventType "swiss (rapid)"]
[EventRounds "7"]
[EventCountry "SVK"]
[SourceTitle "EXT 2023"]
[Source "ChessBase"]
[SourceDate "2022.10.05"]
[SourceVersion "1"]
[SourceVersionDate "2022.10.05"]
[SourceQuality "1"]

1. c4 e5 2. g3 Nf6 3. Bg2 c6 4. e4 Bc5 5. Nc3 d6 6. Nge2 Nbd7 7. 0-0 Nf8 8. d3 Ng6 9. a3 0-0 10. b4 Bb6 11. Bb2 Ng4 12. d4 f5 13. Na4 Bc7 14. h3 Nh6 15. Nac3 f4 16. Qd3 Qf6 17. Qf3 exd4 18. Na2 c5 19. Nxf4 Nxf4 20. Qxf4 Qxf4 21. gxf4 Rxf4 22. Rad1 Be6 23. Rc1 Raf8 24. bxc5 dxc5 25. Rc2 d3 26. Rd2 Bxc4 27. Nc1 Ba5 28. Rdd1 d2 0-1

[Event "SVK-ch U16 Girls rapid"]
[Site "Nitra"]
[Date "2021.09.11"]
[Round "7"]
[White "Zetocha, Adela"]
[Black "Sevcikova, Lucia"]
[Result "1-0"]
[WhiteElo "1371"]
[BlackElo "1808"]
[PlyCount "89"]
[EventDate "2021.09.11"]
[EventType "swiss (rapid)"]
[EventRounds "7"]
[EventCountry "SVK"]
[SourceTitle "EXT 2023"]
[Source "ChessBase"]
[SourceDate "2022.10.05"]
[SourceVersion "1"]
[SourceVersionDate "2022.10.05"]
[SourceQuality "1"]

1. c4 c6 2. e4 d5 3. cxd5 cxd5 4. exd5 Qxd5 5. Nc3 Qd8 6. g3 Nc6 7. Bg2 Bd7 8. Nge2 e5 9. 0-0 Bc5 10. d3 Nge7 11. b3 0-0 12. Bb2 Bf5 13. Ne4 Bxe4 14. dxe4 Qxd1 15. Rfxd1 Rfd8 16. Rac1 Bb6 17. Kf1 f6 18. Nc3 Bd4 19. Ba1 a6 20. Nd5 Nxd5 21. exd5 Bxa1 22. dxc6 Bd4 23. c7 Re8 24. Bxb7 Rac8 25. Bxc8 Rxc8 26. a4 a5 27. Rc4 Kf7 28. Rdc1 Ke7 29. b4 axb4 30. Rxb4 Kd6 31. Rbc4 Kd7 32. a5 h6 33. a6 Bb6 34. Rd1+ Bd4 35. a7 h5 36. Rd2 g6 37. Ra2 Bxa7 38. Rxa7 f5 39. Ra6 g5 40. Rh6 f4 41. Rxh5 f3 42. Rxg5 Ra8 43. Rg7+ Kd6 44. c8Q Ra1+ 45. Rc1 1-0

[Event "Skalica op-B"]
[Site "Skalica"]
[Date "2021.08.25"]
[Round "5"]
[White "Hatala, Peter"]
[Black "Zetocha, Adela"]
[Result "1/2-1/2"]
[WhiteElo "1493"]
[BlackElo "1384"]
[PlyCount "126"]
[EventDate "2021.08.21"]
[EventType "swiss"]
[EventRounds "9"]
[EventCountry "SVK"]
[SourceTitle "CBM 204 Extra"]
[Source "ChessBase"]
[SourceDate "2021.11.30"]
[SourceVersion "1"]
[SourceVersionDate "2021.11.30"]
[SourceQuality "1"]

1. e4 e5 2. Nf3 Nc6 3. Bc4 Nf6 4. d3 Be7 5. 0-0 0-0 6. Bg5 d6 7. h3 Na5 8. Bb3 Nxb3 9. axb3 b6 10. Nc3 c6 11. Qe2 h6 12. Bd2 Qc7 13. Rfc1 Re8 14. Nd1 Bf8 15. c4 Qb8 16. Ne3 Be6 17. Bc3 b5 18. Qc2 b4 19. Bd2 a5 20. Ra2 Ra6 21. Rca1 Qa7 22. Bxb4 Bc8 23. Rxa5 Qb6 24. Rxa6 Bxa6 25. Ba5 Qb8 26. Qc3 Bb7 27. Qe1 d5 28. cxd5 cxd5 29. exd5 Nxd5 30. Rc1 Nf4 31. Qd1 Bxf3 32. Qxf3 Qxb3 33. Bc3 Nxd3 34. Rd1 Nxb2 35. Rd7 Qe6 36. Rb7 e4 37. Qg3 Nd3 38. Rb8 Rxb8 39. Qxb8 Qd6 40. Qc8 Qc5 41. Qxc5 Bxc5 42. Kf1 h5 43. g3 g6 44. Bf6 Kf8 45. Ke2 Ke8 46. Kf1 Kd7 47. g4 Ke6 48. Bd8 hxg4 49. hxg4 f5 50. gxf5+ gxf5 51. Bh4 Ke5 52. Ke2 f4 53. Nc4+ Kf5 54. f3 Nc1+ 55. Kd2 Nb3+ 56. Kc3 Nd4 57. fxe4+ Kxe4 58. Nd2+ Ke3 59. Bg5 Ne2+ 60. Kc2 Nd4+ 61. Kd1 Nf3 62. Nxf3 Kxf3 63. Bxf4 Kxf4 1/2-1/2

[Event "SVK-ch U16/20 Girls"]
[Site "Stara Lubovna"]
[Date "2021.06.29"]
[Round "5"]
[White "Zetocha, Adela"]
[Black "Romanova, Ela"]
[Result "1-0"]
[WhiteElo "1397"]
[BlackElo "1549"]
[PlyCount "104"]
[EventDate "2021.06.26"]
[EventType "swiss"]
[EventRounds "9"]
[EventCountry "SVK"]
[SourceTitle "CBM 203 Extra"]
[Source "ChessBase"]
[SourceDate "2021.09.30"]
[SourceVersion "1"]
[SourceVersionDate "2021.09.30"]
[SourceQuality "1"]

1. c4 c5 2. g3 g6 3. Bg2 Bg7 4. Nc3 Nc6 5. d3 d6 6. Qd2 h5 7. b3 Bd7 8. Bb2 Nh6 9. Nd5 Nf5 10. Bxg7 Nxg7 11. Qc3 f6 12. e3 Rf8 13. Nf3 e6 14. Nf4 g5 15. Ne2 Qe7 16. 0-0-0 0-0-0 17. d4 e5 18. dxc5 dxc5 19. Nd2 h4 20. a3 hxg3 21. hxg3 Rh8 22. Ne4 Rxh1 23. Bxh1 Bg4 24. Rxd8+ Qxd8 25. f3 Bf5 26. Nxc5 Qh8 27. Qe1 Ne6 28. Nxe6 Bxe6 29. f4 Bd7 30. Bg2 Qh2 31. Qh1 Qxh1+ 32. Bxh1 exf4 33. exf4 Kc7 34. Kd2 Na5 35. Kc3 b6 36. Nd4 Nb7 37. Nb5+ Kb8 38. b4 a6 39. Bxb7 Kxb7 40. Nd6+ Kc6 41. Ne4 gxf4 42. gxf4 f5 43. Nd2 a5 44. Kd4 Kd6 45. Nb3 axb4 46. axb4 Ba4 47. Nc1 Bc2 48. Nd3 Ba4 49. c5+ bxc5+ 50. bxc5+ Kc7 51. Nb4 Bd7 52. Ke5 Bc8 1-0

[Event "EU-ch U14 Girls"]
[Site "Bratislava"]
[Date "2019.08.10"]
[Round "9"]
[White "Zetocha, Adela"]
[Black "Askaryan, Aneta"]
[Result "0-1"]
[WhiteElo "1402"]
[BlackElo "1396"]
[PlyCount "60"]
[EventDate "2019.08.02"]
[EventType "swiss"]
[EventRounds "9"]
[EventCountry "SVK"]
[SourceTitle "EXT 2020"]
[Source "ChessBase"]
[SourceDate "2019.10.17"]
[SourceVersion "1"]
[SourceVersionDate "2019.10.17"]
[SourceQuality "1"]

1. c4 c5 2. g3 e6 3. Bg2 Nc6 4. Nc3 Nf6 5. e3 d5 6. b3 d4 7. Ne4 d3 8. Bb2 Nxe4 9. Bxe4 Nb4 10. Kf1 Rb8 11. a3 Nc6 12. Qb1 Qb6 13. Bc3 Na5 14. Qxd3 Bd7 15. b4 cxb4 16. axb4 Nxc4 17. Ne2 Bb5 18. Qc2 Rc8 19. Qb3 Nd6 20. Bf3 Nf5 21. Kg2 Be7 22. e4 Nd6 23. Bxg7 Rg8 24. Bd4 Qc7 25. Rhc1 Bc4 26. Qa4+ b5 27. Qxa7 Qxa7 28. Bxa7 Bxe2 29. Bxe2 Rxc1 30. e5 Nc4 0-1